000 01784nam0a2200421 4500
001 RU\NLR\BIBL_A\016347236
005 20230809091518.0
010 _a978-5-00180-981-4
_9200
021 _aRU
_bКН-П-23-017419
_9КН-П-23-1742
035 _a(NLR Aleph) 016347236
035 _a(RuMoRGB)011665477
090 _a13109924
_c13109924
100 _a20230418d2023 u y0rusy50 ca
101 1 _arus
_cund
102 _aRU
105 _ay|||z|||000zy
181 0 _ai4
_baxxe
182 0 _an
200 1 _aЦРУ
_eневидимые властители
_e[перевод]
_fЛуис Гонсалес-Мата
203 _aТекст
_bвизуальный
_cнепосредственный
210 _aМосква
_cРодина
_d2023
215 _a206, [1] с.
_d21
225 1 _aДокументальный триллер
300 _aНа обороте тит. с. в аннот. авт.: Луис Гонсалес-Мата, агент спецслужб
320 _aБиблиогр. в примеч.: с. 194-207
601 0 1 _aСоединенные Штаты Америки
_bЦентральное разведывательное управление
_xИстория
_92167360
_3RU\NLR\AUTH\661303974
675 _a351.746.1(73)
_v4
686 _a67.401.132г
_2rubbks
686 1 _aХ819(7США)112.011.012
686 1 _aЦ68,8(7США)-221.1г
700 1 _7ca
_8rus
_aГонсалес-Мата
_bЛ. М.
_gЛуис М.
_9257012
_3RU\NLR\AUTH\770257068
712 0 1 _4570
_aСША
_bЦентральное разведывательное управление
_9573325
_3RU\NLR\AUTH\8810037303
942 _cBOOK
980 _aNB